Nueva vida a un mural destruido : (Registro nro. 25169)
[ vista simple ]
| 000 -LEADER | |
|---|---|
| fixed length control field | 01307cam a2200313 i 4500 |
| 001 - CONTROL NUMBER | |
| control field | 25169 |
| 003 - CONTROL NUMBER IDENTIFIER | |
| control field | Mx-PuUPA |
| 005 - DATE AND TIME OF LATEST TRANSACTION | |
| control field | 20251011102446.0 |
| 008 - FIXED-LENGTH DATA ELEMENTS--GENERAL INFORMATION | |
| fixed length control field | 140415s2024 mx ao gr 000 0 spa d |
| 020 ## - INTERNATIONAL STANDARD BOOK NUMBER | |
| Terms of availability | En trámite |
| 040 ## - CATALOGING SOURCE | |
| Transcribing agency | Mx-PuUPA |
| Original cataloging agency | Mx-PuUPA |
| Language of cataloging | spa |
| Modifying agency | Mx-PuUPA |
| Description conventions | rda |
| 041 0# - LANGUAGE CODE | |
| Language code of text/sound track or separate title | spa |
| 100 1# - MAIN ENTRY--PERSONAL NAME | |
| Personal name | Rivera, Diego, |
| Dates associated with a name | 1886-1957 |
| 9 (RLIN) | 17495 |
| Relator term | autor |
| 245 10 - TITLE STATEMENT | |
| Title | Nueva vida a un mural destruido : |
| Remainder of title | 1933/1934 / |
| Statement of responsibility, etc. | Diego Rivera |
| 250 ## - EDITION STATEMENT | |
| Edition statement | Primera edición |
| 264 #1 - PRODUCTION, PUBLICATION, DISTRIBUTION, MANUFACTURE, AND COPYRIGHT NOTICE | |
| Place of production, publication, distribution, manufacture | Ciudad de México : |
| Name of producer, publisher, distributor, manufacturer | Instituto Nacional de Bellas Artes y Literatura : Red de Museos, |
| Date of production, publication, distribution, manufacture, or copyright notice | ©2024 |
| 300 ## - PHYSICAL DESCRIPTION | |
| Extent | 109 páginas, 2 hojas plegadas : |
| Other physical details | ilustraciones, fotografías (principalmente en color) ; |
| Dimensions | 24 cm |
| 336 ## - CONTENT TYPE | |
| Fuente | rdacontent |
| Content type term | texto |
| Content type code | txt |
| 337 ## - MEDIA TYPE | |
| Source | rdamedia |
| Media type term | sin medio |
| Media type code | n |
| 338 ## - CARRIER TYPE | |
| Source | rdacarrier |
| Carrier type term | volumen |
| Carrier type code | nc |
| 600 14 - SUBJECT ADDED ENTRY--PERSONAL NAME | |
| Personal name | Rivera, Diego, |
| Dates associated with a name | 1886-1957 |
| Form subdivision | Exposiciones históricas |
| 650 #7 - SUBJECT ADDED ENTRY--TOPICAL TERM | |
| Source of heading or term | armarc |
| Topical term or geographic name entry element | Pintura mural |
| General subdivision | Decoración |
| Geographic subdivision | Nueva York |
| Chronological subdivision | Siglo XX |
| General subdivision | Temas, motivos |
| Form subdivision | Exposiciones |
| 650 #7 - SUBJECT ADDED ENTRY--TOPICAL TERM | |
| Source of heading or term | armarc |
| Topical term or geographic name entry element | Pintura mural |
| General subdivision | Decoración |
| Geographic subdivision | México |
| Chronological subdivision | Siglo XX |
| Form subdivision | Exposiciones |
| 650 #7 - SUBJECT ADDED ENTRY--TOPICAL TERM | |
| Source of heading or term | armarc |
| Topical term or geographic name entry element | Política en el arte |
| Form subdivision | Exposiciones |
| 942 ## - ADDED ENTRY ELEMENTS (KOHA) | |
| Source of classification or shelving scheme | Dewey Decimal Classification |
| Koha item type | Libro |
| Classification part | 758.99 |
| Item part | R66 |
| Withdrawn status | Lost status | Source of classification or shelving scheme | Damaged status | Not for loan | Collection code | Home library | Current library | Shelving location | Date acquired | Source of acquisition | Total Checkouts | Full call number | Barcode | Date last seen | Price effective from | Koha item type |
|---|---|---|---|---|---|---|---|---|---|---|---|---|---|---|---|---|
| Dewey Decimal Classification | General | Biblioteca Karol Wojtyla | Biblioteca Karol Wojtyla | Sala general | 03/12/2013 | Donación | 758.99 R66 2024 | 46941 | 05/01/2026 | 03/12/2013 | Libro |